WWE One Minute Quiz: Goldust - Statistics

General Stats
  • This quiz has been taken 293 times
  • The average score is 5 of 7
Answer Stats
Question Answer % Correct
Who is His Brother? Cody Rhodes
97%
Who is His Father? Dusty Rhodes
93%
How Old is Goldust? Forty-Five
84%
What Are His Trademark Colors? Black and Gold
72%
What Championship Does He Currently Hold? (October 2014) Tag Team
67%
What is His Finishing Move? The Final Cut
45%
What is Goldust's Real Name? Dustin Runnels
42%
No matching quizzes found
Score Distribution
Percent of People with Each Score
Percentile by Number Answered
Your Score History
You have not taken this quiz